| 000 | 00600nam a2200121Ia 4500 | ||
|---|---|---|---|
| 008 | 220620s9999||||xx |||||||||||||| ||und|| | ||
| 100 | _aWiener, Antje | ||
| 245 | 0 |
_aChapter 13 Practising Academic Intervention _bAn Agonistic Reading of Praxis |
|
| 546 | _aEnglish[eng] | ||
| 650 | _aFriedrich Kratochwil; international law; international politics; international relations theory; Practice theory; praxis; Theorizing | ||
| 856 | _uhttps://library.oapen.org/bitstream/20.500.12657/53785/1/9781529220490_13.pdf||https://library.oapen.org/bitstream/20.500.12657/53785/1/9781529220490_13.pdf | ||
| 942 | _cEB | ||
| 999 |
_c22009 _d22009 |
||